Le couronnement impérial de Charlemagne (Record no. 111564)

MARC details
000 -LEADER
campo de control de longitud fija 00783nam a2200241 i 4500
001 - NÚMERO DE CONTROL
campo de control 111564
003 - IDENTIFICADOR DE NÚMERO DE CONTROL
campo de control ES-MaACL
005 - FECHA Y HORA DE LA ÚLTIMA TRANSACCIÓN
campo de control 20250707054256.0
007 - CAMPO FIJO DE DESCRIPCIÓN FÍSICA--INFORMACIÓN GENERAL
campo de control de longitud fija t|
008 - DATOS DE LONGITUD FIJA--INFORMACIÓN GENERAL
campo de control de longitud fija 150306s1964 fr r ||||1| fre d
080 ## - NÚMERO DE LA CLASIFICACIÓN DECIMAL UNIVERSAL
Número de la Clasificación Decimal Universal 929 Carlomagno
080 ## - NÚMERO DE LA CLASIFICACIÓN DECIMAL UNIVERSAL
Número de la Clasificación Decimal Universal 944"0687/987"
100 0# - ENTRADA PRINCIPAL--NOMBRE DE PERSONA
Nombre de persona Folz, Robert.
9 (RLIN) 51479
245 13 - MENCIÓN DEL TÍTULO
Título Le couronnement impérial de Charlemagne
Resto del título : 25 décembre 800 /
Mención de responsabilidad, etc. Robert Folz.
260 ## - PUBLICACIÓN, DISTRIBUCIÓN, ETC.
Lugar de publicación, distribución, etc. París :
Nombre del editor, distribuidor, etc. Gallimard,
Fecha de publicación, distribución, etc. 1964.
300 ## - DESCRIPCIÓN FÍSICA
Extensión 333 p :
Otras características físicas il. ;
Dimensiones 21 cm.
490 1# - MENCIÓN DE SERIE
Mención de serie Trente journées qui ont fait la France ;
Designación de volumen o secuencia 3
600 04 - PUNTO DE ACCESO ADICIONAL DE MATERIA--NOMBRE DE PERSONA
Nombre de persona Carlomagno,
Títulos y otros términos asociados al nombre Emperador
9 (RLIN) 35288
651 #4 - PUNTO DE ACCESO ADICIONAL DE MATERIA--NOMBRE GEOGRÁFICO
Nombre geográfico Francia-
Subdivisión general Historia-
Subdivisión cronológica 687-987, Carolingios.
9 (RLIN) 8699
830 0# - PUNTO DE ACCESO ADICIONAL DE SERIE-TÍTULO UNIFORME
Título uniforme Trente journées qui ont fait la France ;
Designación de volumen o secuencia 3
9 (RLIN) 182109
852 ## - LOCALIZACIÓN
Ubicación ES-MaACL
Número de control de estantería E-15454
Holdings
Estatus retirado Estado de pérdida Estado de daño No para préstamo Biblioteca de origen Biblioteca actual Ubicación en estantería Fecha de adquisición Fuente de adquisición Total de préstamos Signatura topográfica completa Código de barras Visto por última vez Precio de reemplazo Tipo de ítem Koha
        Biblioteca del Ateneo de Madrid Biblioteca del Ateneo de Madrid Depósito 2 06/03/2015     E-15454 1193569 23/02/2023 23/02/2023 Libro impreso